| 000 | 01438nac a22002771i 4500 | ||
|---|---|---|---|
| 003 | EG-ScBUE | ||
| 005 | 20230508095547.0 | ||
| 008 | 230508r19861980enka f e 000 0 eng d | ||
| 020 | _a0333231112 | ||
| 040 |
_aEG-ScBUE _beng _erda _cEG-ScBUE _dEG-ScBUE |
||
| 082 | 0 | 4 |
_a780.3 _bNEW _222 |
| 245 | 0 | 4 |
_aThe New Grove dictionary of music and musicians / _cedited by Stanley Sadie. |
| 264 | 1 |
_aLondon : _bMacmillan Publishers Limited, _c1980. |
|
| 300 |
_a20 volumes : _billustrations ; _c26 cm |
||
| 336 |
_2rdacontent _atext _btxt |
||
| 337 |
_2rdamedia _aunmediated _bn |
||
| 338 |
_2rdacarrier _avolume _bnc |
||
| 505 | 0 | _aVolume 1. A to Bacilly -- Volume 2. Back- Bolivia -- Volume 3. Bollioud-Mermet -- Volume 4. Castrucci to Courante -- Volume 5. Courand to Edlund -- Volume 6. Edmund to Fryklund -- Volume 8. H to Hyporchema -- Volume 9. Iacobus to Kerman -- Volume 10. Kern to Lindelheim -- Volume 11. Lindeman to Mean- tone -- Volume 12. Meares to Mutis -- Volume 13. Muwashshah to Ory -- Volume 14. Osaka to Player piano -- Volume 15. Playford to riedt -- Volume 16. Riegel to Schusterfleck -- Volume 17. Spinto -- Volume 18. Tin Whistle -- Volume 19. Tiomkin to virdung -- Volume 20. Virelai to Zywny. | |
| 650 | 7 |
_aMusic _xEncyclopedias. _2BUEsh |
|
| 650 | 7 |
_aMusic _xBio-bibliography. _2BUEsh |
|
| 653 | _bART | ||
| 655 | _vReading book | ||
| 700 | 1 |
_aSadie, Stanley, _eeditor. |
|
| 942 |
_cNB _2ddc |
||
| 999 |
_c9978 _d9978 |
||